000 00554nam a2200217Ia 4500
005 20250923150120.0
008 008 250917s9999 xx 000 0 eng d
037 _aTextual
040 _aDSWL
_beng
_cDSWL
041 _aeng
_2eng
084 _qDSWL
100 _aDay, P J
_9842401
245 0 _aSocial working : Exercises in general list practice
_c by P J Day
250 _a2
260 _aBoston
_bAllyn & Bacon
_c2000
300 _a301p.
365 _aINR
_b1641.6
925 _g1641.6
942 _cTEXL
999 _c1459723
_d1459723